Coupe du Monde 1978 - Un Joueur par équipe - Statistiques

Statistiques générales
  • Ce quiz a été pris 81 fois
  • Le résultat moyen est 12 sur 16
Statistiques - réponses
Hint Réponse % Correct
Dominique Rocheteau France
98%
Karl-Heinz Rummenigge Allemagne de l'Ouest
97%
Marco Tardelli Italie
97%
Zico Brésil
92%
Thomas Sjöberg Suède
89%
László Kovács Hongrie
88%
Abderraouf Ben Aziza Tunisie
88%
Johan Neeskens Pays-Bas
80%
Daniel Passarella Argentine
74%
Andrzej Szarmach Pologne
73%
Hans Krankl Autriche
67%
Graeme Souness Ecosse
61%
Arturo Vázquez Ayala Mexique
59%
Andranik Eskandarian Iran
58%
Julio Cardeñosa Espagne
56%
Héctor Chumpitaz Pérou
38%
Aucun quiz correspondant
Distribution des résultats
% des personnes avec chaque résultat
Percentile par nombre de réponses
Votre historique - résultats
Vous n’avez pas pris ce quiz